Типы сибирских мельниц: хлебное дело СССР

Bibliografiske detaljer
Hovedforfatter: Балакшин С. А.
Sprog:russisk
Udgivet: М, 1925
Fag:
Format: MixedMaterials Bog
KOHA link:https://koha.lib.tpu.ru/cgi-bin/koha/opac-detail.pl?biblionumber=593636

MARC

LEADER 00000nam0a2200000 4500
001 593636
005 20231101131752.0
035 |a (RuTPU)RU\TPU\tpu\7212 
035 |a TPU00007215 
090 |a 593636 
100 |a 20011210d1925 u y0rusy50 ca 
101 0 |a rus 
102 |a RU 
105 |a  000|y 
200 1 |a Типы сибирских мельниц  |e хлебное дело СССР  |f С. А. Балакшин 
210 |a М  |d 1925 
215 |a 3 с. 
610 1 |a пищевая промышленность 
610 1 |a труды учёных ТПУ 
700 1 |a Балакшин  |b С. А. 
801 0 |a RU  |b 63413507  |c 20011210  |g PSBO 
801 2 |a RU  |b 63413507  |c 20090410  |g PSBO 
942 |c BK